00268nam a22000977a 450000500170000000800410001702000150005804000080007324500430008126000460012420200916092111.0200916b ||||| |||| 00| 0 eng d a0207126003 cCML aOriginations of the World.cSpaull, H. aLondonbAngus and Robertson Pty Ltdc1972